Statistics for Paleontology Trivia

Click here to take the quiz!

General Stats

  • This quiz has been taken 46 times
  • The average score is 7 of 11

Answer Stats

HintAnswer% Correct
The era that non-avian dinosaurs lived inMesozoic
84%
Despite frequent speculation, this enormous shark is not an example of the aboveMegalodon
81%
Some people theorize that the Loch Ness Monster is a surviving member of this cladePlesiosauria
74%
The literal translation of "dinosaur"Terrible lizard
71%
The colloquial term for the Permian-Triassic extinctionThe Great Dying
65%
This prehistoric whale was initially believed to be a reptile, hence its nameBasilosaurus
61%
The name for the conflict between Marsh and CopeBone Wars
61%
The man who coined the term "dinosaur"Richard Owen
61%
A genus of fish previously believed to be extinct, an example of the aboveCoelacanth
55%
The term for a taxon that disappears and reappears in the fossil recordLazarus taxon
35%
The taxonomic term for organisms that don't fit other classificationsWastebasket taxon
10%

Score Distribution

Percentile by Number Answered

Percent of People with Each Score

Your Score History

You have not taken this quiz